[Event "Titled Tue 27th May Late"]
[Site "chess.com INT"]
[Date "2025.05.27"]
[Round "10"]
[White "Dubnevych, Maksym"]
[Black "Kislinsky, Alexey"]
[Result "1/2-1/2"]
[WhiteTitle "FM"]
[BlackTitle "GM"]
[WhiteElo "2292"]
[BlackElo "2350"]
[WhiteFideId "14184001"]
[BlackFideId "14108801"]
[EventDate "2025.05.27"]

1. Nc3 c6 2. d4 d5 3. Bf4 Nf6 4. e3 Bf5 5. Nf3 e6 6. Ne5 Nbd7 7. g4 Nxe5 8. gxf5
Ned7 9. fxe6 fxe6 10. Bh3 Qe7 11. Qd3 e5 12. Bg3 exd4 13. Qxd4 Qc5 14. Qf4 Qb4
15. O-O-O Qxf4 16. Bxf4 Bb4 17. Ne2 Ne4 18. Rhf1 Bd6 19. f3 Bxf4 20. Nxf4 Nef6
21. Ne6 Kf7 22. e4 h6 23. exd5 Nxd5 24. Nc7 Rad8 25. Be6+ Kf6 26. Bxd5 cxd5 27.
Nxd5+ Kf7 28. Rfe1 Rhe8 29. Rxe8 Rxe8 30. Nc7 Re7 31. Nb5 Ne5 32. f4 Nc6 33.
Nd6+ Kf6 34. Kd2 b6 35. c3 Re6 36. Nc4 Kf5 37. Ne3+ Kxf4 38. Rf1+ Kg5 39. Rg1+
Kf6 40. h4 g5 41. hxg5+ hxg5 42. Rh1 Kg6 43. b4 Ne5 1/2-1/2

[Event "Titled Tue 27th May Late"]
[Site "chess.com INT"]
[Date "2025.05.27"]
[Round "10"]
[White "Perez Rojas, Jorge"]
[Black "Zhu, Jiner"]
[Result "1-0"]
[WhiteTitle "FM"]
[BlackTitle "GM"]
[WhiteElo "2100"]
[BlackElo "2541"]
[WhiteFideId "3452093"]
[BlackFideId "8608059"]
[EventDate "2025.05.27"]

1. e4 c5 2. Nf3 d6 3. d4 cxd4 4. Qxd4 Nc6 5. Bb5 Bd7 6. Bxc6 Bxc6 7. c4 Nf6 8.
Nc3 g6 9. O-O Bg7 10. h3 O-O 11. Qd3 Qa5 12. Nd4 Rac8 13. Be3 Nd7 14. b3 a6 15.
Rac1 Rfe8 16. Rfd1 Nc5 17. Qb1 Bd7 18. b4 Qa3 19. bxc5 dxc5 20. Nb3 Be6 21. Nd5
h6 22. Rc2 Kh7 23. Bc1 Qa4 24. Nb6 Qc6 25. Nxc8 Rxc8 26. f3 Qa4 27. Bb2 f6 28.
Nd2 h5 29. Bc1 Bh6 30. Qb3 Qc6 31. Nf1 Bg7 32. Ne3 b5 33. Nd5 Bxd5 34. Rxd5 e6
35. Rd3 f5 36. exf5 gxf5 37. Be3 b4 38. Rcd2 Rc7 39. Rd6 Qe8 40. Rd8 Qf7 41. Qd3
Qf6 42. Rd7 Rxd7 43. Qxd7 Qa1+ 44. Kf2 Qe5 45. f4 Qe4 46. Qf7 Qxc4 47. Qxh5+ Kg8
48. Rd8+ 1-0

[Event "Titled Tue 27th May Late"]
[Site "chess.com INT"]
[Date "2025.05.27"]
[Round "10"]
[White "Sarana, Alexey"]
[Black "Svane, Rasmus"]
[Result "1-0"]
[WhiteTitle "GM"]
[BlackTitle "GM"]
[WhiteElo "2686"]
[BlackElo "2629"]
[WhiteFideId "24133795"]
[BlackFideId "4657101"]
[EventDate "2025.05.27"]

1. d4 d5 2. c4 e6 3. Nc3 a6 4. cxd5 exd5 5. Nf3 Nf6 6. Bg5 Be6 7. Bxf6 Qxf6 8.
Qb3 Ra7 9. h4 Bd6 10. e3 Nd7 11. Ng5 h6 12. Nxd5 Bxd5 13. Qxd5 Bb4+ 14. Ke2 Nb6
15. Qe4+ Be7 16. Nf3 c6 17. Qe5 Qg6 18. Qb8+ Bd8 19. Rc1 Ra8 20. Qxb7 O-O 21.
Qxc6 Qg4 22. Qd6 Rc8 23. Kd1 Na4 24. Qb4 Nb6 25. Rxc8 Qxc8 26. Bd3 Qg4 27. Ke2
Nd5 28. Qc5 Nxe3 29. Kxe3 Re8+ 30. Ne5 Qxg2 31. Be4 Bg5+ 32. hxg5 Qxg5+ 33. Kd3
Qf4 34. Qd5 Qxf2 35. Qxf7+ Qxf7 36. Nxf7 Kxf7 37. Rf1+ 1-0

[Event "Titled Tue 27th May Late"]
[Site "chess.com INT"]
[Date "2025.05.27"]
[Round "10"]
[White "Jahnz, Laurin"]
[Black "Klukin, Kirill"]
[Result "1-0"]
[WhiteTitle "CM"]
[BlackTitle "IM"]
[WhiteElo "2233"]
[BlackElo "2407"]
[WhiteFideId "16261089"]
[BlackFideId "24199273"]
[EventDate "2025.05.27"]

1. e4 e6 2. b3 d5 3. Bb2 Nf6 4. e5 Nfd7 5. Qg4 c5 6. f4 Nc6 7. Nf3 h5 8. Qh3 Be7
9. Be2 b6 10. O-O Bb7 11. Na3 a6 12. c3 Qc7 13. Nc2 O-O-O 14. d4 Kb8 15. Rac1
Rc8 16. Ng5 Rcf8 17. Kh1 Qd8 18. Nf3 f5 19. c4 dxc4 20. Bxc4 Rh6 21. d5 Na5 22.
d6 Nxc4 23. dxe7 Qxe7 24. bxc4 Rg6 25. Ng5 Ka7 26. Rcd1 Nb8 27. Rd6 Nc6 28. Rfd1
Nb8 29. Bc1 Bc6 30. Qb3 Qb7 31. Ne1 Re8 32. Be3 h4 33. h3 a5 34. a4 Na6 35. Rd8
Rxd8 36. Rxd8 Nb4 37. Qd1 Bxa4 38. Qxa4 Rxg5 39. Rd7 1-0

[Event "Titled Tue 27th May Late"]
[Site "chess.com INT"]
[Date "2025.05.27"]
[Round "10"]
[White "Montano Vicente, Guadalupe"]
[Black "Distaso, Antonio Pio"]
[Result "0-1"]
[WhiteElo "1940"]
[BlackElo "2253"]
[WhiteFideId "5181399"]
[BlackFideId "805548"]
[EventDate "2025.05.27"]

1. d4 d5 2. c4 c6 3. Nf3 Nf6 4. Nc3 dxc4 5. a4 Bf5 6. Ne5 Na6 7. f3 Nd7 8. Nxc4
e5 9. e4 exd4 10. Qxd4 Nb4 11. Qd1 Be6 12. Ne3 Nc5 13. Be2 Ncd3+ 14. Bxd3 Nxd3+
15. Ke2 Nf4+ 16. Kf2 Bc5 17. Qxd8+ Rxd8 18. Rd1 O-O 19. g3 Nd3+ 20. Ke2 Nb4 21.
Rxd8 Rxd8 22. Ncd1 a5 23. Bd2 b6 24. Bc3 Bc8 25. Kf2 Ba6 26. Kg2 f6 27. Nf5 g6
28. Nfe3 Kf7 29. g4 Rd3 30. Nc2 Nxc2 31. Rc1 Rxd1 32. Rxc2 Bd3 0-1

[Event "Titled Tue 27th May Late"]
[Site "chess.com INT"]
[Date "2025.05.27"]
[Round "10"]
[White "Holinka, Henning"]
[Black "Vagman, Roy"]
[Result "1-0"]
[WhiteTitle "FM"]
[BlackTitle "FM"]
[WhiteElo "2303"]
[BlackElo "2417"]
[WhiteFideId "12967084"]
[BlackFideId "2828995"]
[EventDate "2025.05.27"]

1. Nf3 Nf6 2. g3 g6 3. Bg2 Bg7 4. O-O O-O 5. d4 d6 6. c4 Nc6 7. Nc3 e5 8. dxe5
Nxe5 9. Nxe5 dxe5 10. Bg5 Qxd1 11. Rfxd1 c6 12. Rd6 Be6 13. b3 h6 14. Be3 Ng4
15. Bc5 Rfe8 16. Rd2 e4 17. Bd4 e3 18. fxe3 Nxe3 19. Rc1 Rad8 20. Bxe3 Rxd2 21.
Bxd2 Bd4+ 22. e3 Be5 23. Kf2 h5 24. Ne4 Kg7 25. Bc3 Bxc3 26. Nxc3 h4 27. Rd1
hxg3+ 28. hxg3 Rh8 29. Ne4 Rh2 30. Rh1 Rxh1 31. Bxh1 b6 32. Nd6 Bd7 33. c5 bxc5
34. Nc4 Kf6 35. Na5 Ke5 36. Nb7 c4 37. bxc4 Be6 38. Na5 Kd6 39. Bxc6 Kc5 40. Bd5
Bf5 41. Ke2 Bb1 42. a3 f6 43. Kd2 Bf5 44. Nb3+ Kd6 45. e4 Bh3 46. Ke3 Ke5 47.
Nd4 f5 48. c5 Bg2 49. Nc6+ Kf6 50. e5+ Kg5 51. Bxg2 Kg4 52. e6 Kxg3 53. e7 f4+
54. Ke4 Kxg2 55. e8=Q f3 56. Qxg6+ Kf2 57. Qg4 a5 58. Qxf3+ Kg1 59. Qe2 a4 60.
Kf3 Kh1 61. Qg2# 1-0

[Event "Titled Tue 27th May Late"]
[Site "chess.com INT"]
[Date "2025.05.27"]
[Round "10"]
[White "Gharibyan, Mamikon"]
[Black "Burmakin, Vladimir"]
[Result "1-0"]
[WhiteTitle "GM"]
[BlackTitle "GM"]
[WhiteElo "2472"]
[BlackElo "2435"]
[WhiteFideId "13308300"]
[BlackFideId "4105109"]
[EventDate "2025.05.27"]

1. d4 d5 2. c4 c6 3. Nf3 Nf6 4. Qc2 g6 5. cxd5 cxd5 6. Bf4 Nc6 7. Nc3 Nh5 8. Be5
f6 9. Bg3 Nxg3 10. hxg3 Kf7 11. e4 dxe4 12. Bc4+ Kg7 13. Qxe4 Bf5 14. Qe3 h5 15.
Rd1 Qd6 16. Nh4 Bg4 17. Rd2 Rd8 18. O-O g5 19. Nf3 Bxf3 20. gxf3 Nxd4 21. Rfd1
e5 22. Ne4 Qb6 23. Nxg5 Bc5 24. Ne4 h4 25. Kg2 h3+ 26. Kh2 Qc6 27. Bb3 Bb6 28.
g4 Qd7 29. Ng3 Qe8 30. Qe4 1-0

[Event "Titled Tue 27th May Late"]
[Site "chess.com INT"]
[Date "2025.05.27"]
[Round "10"]
[White "Barria, Jose"]
[Black "Akobian, Varuzhan"]
[Result "1/2-1/2"]
[WhiteTitle "FM"]
[BlackTitle "GM"]
[WhiteElo "2379"]
[BlackElo "2564"]
[WhiteFideId "1939300"]
[BlackFideId "13300580"]
[EventDate "2025.05.27"]

1. d4 e6 2. c4 d5 3. Nf3 c5 4. cxd5 exd5 5. Nc3 Nc6 6. g3 c4 7. Bg2 Bb4 8. O-O
Nge7 9. Ne5 O-O 10. Nxc6 bxc6 11. e4 Be6 12. Bg5 f6 13. Bf4 Qd7 14. Qa4 Bxc3 15.
bxc3 dxe4 16. Bxe4 Bd5 17. Rfe1 g5 18. Bd2 Rae8 19. Bxd5+ Qxd5 20. Qxa7 Nf5 21.
Qc5 Qf3 22. Qxc4+ Kg7 23. Qf1 Kg6 24. Rxe8 Rxe8 25. Re1 Ra8 26. Qg2 Qxg2+ 27.
Kxg2 Rxa2 28. Rd1 Rc2 29. Kf3 Nd6 30. Ke3 h5 31. Kd3 Ra2 32. h3 f5 33. f3 g4 34.
hxg4 hxg4 35. fxg4 fxg4 36. Re1 Nf5 37. Re4 Kh5 38. Re5 Kg6 39. Bf4 Rg2 40. Re6+
Kf7 41. Rxc6 Nxg3 42. Bxg3 Rxg3+ 43. Ke4 Rf3 44. d5 Rf1 45. Rc7+ Kf6 46. Rc6+
Kf7 47. Rc7+ Kf6 48. Rc8 Kf7 49. d6 Ke6 50. Rg8 Kxd6 51. Rxg4 Kc5 52. Kd3 Rf5
53. Rd4 Rd5 54. Kc2 Rxd4 55. cxd4+ Kxd4 1/2-1/2

[Event "Titled Tue 27th May Late"]
[Site "chess.com INT"]
[Date "2025.05.27"]
[Round "10"]
[White "Jumabayev, Rinat"]
[Black "Morris-Suzuki, Alan H"]
[Result "1-0"]
[WhiteTitle "GM"]
[WhiteElo "2551"]
[BlackElo "1986"]
[WhiteFideId "13702661"]
[BlackFideId "30933218"]
[EventDate "2025.05.27"]

1. Nf3 g6 2. d4 Bg7 3. c3 d6 4. Bf4 Nd7 5. e4 e5 6. dxe5 dxe5 7. Be3 Ngf6 8.
Nbd2 Ng4 9. Bg5 Bf6 10. h3 Bxg5 11. hxg4 O-O 12. Nc4 Qe7 13. Be2 Bf6 14. Qd2 Bg7
15. g5 Nc5 16. Qe3 b5 17. Na5 Bd7 18. Rd1 Ne6 19. g3 Rfd8 20. O-O a6 21. Rd5 c6
22. Rd2 Be8 23. Rfd1 Rxd2 24. Rxd2 Rd8 25. Nb3 Rxd2 26. Nbxd2 Qc7 27. Bf1 Bf8
28. Bh3 Bc5 29. Qe1 Qe7 30. Nb3 Bb6 31. Qd2 c5 32. Bxe6 Qxe6 33. Qd5 Qxd5 34.
exd5 e4 35. Ne5 Bd8 36. Nxc5 Bxg5 37. Nxe4 Bd8 38. d6 f5 39. d7 Bf7 40. Nc5 Kf8
41. Nc6 1-0

[Event "Titled Tue 27th May Late"]
[Site "chess.com INT"]
[Date "2025.05.27"]
[Round "10"]
[White "Gyurjinyan, Valter"]
[Black "Gustafsson, Jan"]
[Result "1-0"]
[WhiteTitle "CM"]
[BlackTitle "GM"]
[WhiteElo "2208"]
[BlackElo "2591"]
[WhiteFideId "13318179"]
[BlackFideId "4625498"]
[EventDate "2025.05.27"]

1. e4 e5 2. Nf3 Nc6 3. d4 exd4 4. Nxd4 Nf6 5. Nxc6 bxc6 6. e5 Qe7 7. Qe2 Nd5 8.
h4 d6 9. c4 Nb6 10. exd6 cxd6 11. Nc3 Be6 12. b3 d5 13. Bg5 Qb7 14. cxd5 Bb4 15.
Bd2 Nxd5 16. Nxd5 Bxd2+ 17. Qxd2 Bxd5 18. Bd3 O-O 19. O-O Rad8 20. Rad1 c5 21.
Qg5 h6 22. Qf5 g6 23. Qh3 Qb4 24. h5 Be6 25. Qg3 g5 26. Bb1 Qg4 27. Rxd8 Rxd8
28. Qc3 Rd1 29. Bh7+ Kf8 30. Qxc5+ Kg7 31. Qc3+ f6 32. Bg6 Rxf1+ 33. Kxf1 Qd1+
34. Qe1 Qd6 35. Kg1 Bd5 36. Qe8 Be6 37. Qa4 a6 38. Qa5 Qd1+ 39. Kh2 Qd6+ 40. Kg1
Qd1+ 41. Kh2 Qd6+ 42. g3 Bd5 43. Qe1 Be6 44. Qe3 a5 45. Qa7+ Bd7 46. Bf5 1-0

[Event "Titled Tue 27th May Late"]
[Site "chess.com INT"]
[Date "2025.05.27"]
[Round "10"]
[White "Sobek, Jaroslav"]
[Black "Sroczynski, Maciej"]
[Result "0-1"]
[WhiteTitle "FM"]
[BlackTitle "FM"]
[WhiteElo "2195"]
[BlackElo "2236"]
[WhiteFideId "301388"]
[BlackFideId "1121472"]
[EventDate "2025.05.27"]

1. d4 Nf6 2. c4 g6 3. Nc3 Bg7 4. e4 d6 5. h3 O-O 6. Bg5 h6 7. Be3 e5 8. d5 Nh5
9. Be2 Nf4 10. Bf3 g5 11. g3 Ng6 12. Qd2 f5 13. exf5 Bxf5 14. Ne4 Na6 15. Ne2
Qd7 16. Bg2 Rae8 17. N2c3 Nf4 18. gxf4 exf4 19. Bd4 f3 20. Bxf3 Bxh3 21. Bh5 Bg2
22. Bxe8 Rxe8 23. Bxg7 Bxh1 24. O-O-O Bxe4 25. Nxe4 Rxe4 26. Bc3 Nc5 27. Kb1 Qf5
28. Ka1 Rxc4 29. Re1 Ra4 30. Qd1 Re4 31. f3 Rxe1 32. Qxe1 Qxd5 33. Qe8+ Kh7 34.
Qh8+ Kg6 35. Qg7+ Kh5 36. a3 Nb3+ 37. Kb1 a5 38. f4 a4 0-1

[Event "Titled Tue 27th May Late"]
[Site "chess.com INT"]
[Date "2025.05.27"]
[Round "10"]
[White "Mei, Austin"]
[Black "Povshednyi, Ivan"]
[Result "1-0"]
[WhiteTitle "FM"]
[BlackTitle "FM"]
[WhiteElo "2280"]
[BlackElo "2320"]
[WhiteFideId "30948479"]
[BlackFideId "14190907"]
[EventDate "2025.05.27"]

1. e4 c5 2. Nf3 d6 3. d4 cxd4 4. Nxd4 Nf6 5. Nc3 a6 6. f3 e5 7. Nb3 Be6 8. Be3
Be7 9. Qd2 O-O 10. O-O-O a5 11. Kb1 a4 12. Nc1 a3 13. b3 Nc6 14. Nd5 Bxd5 15.
exd5 Nd4 16. c3 Nf5 17. Bf2 e4 18. Qc2 Re8 19. fxe4 Nh6 20. Bb5 Nd7 21. e5 Nxe5
22. Bxe8 Qxe8 23. Bd4 Bf6 24. Rhe1 Qd7 25. Nd3 Nhg4 26. Nf4 Bg5 27. g3 h6 28. h3
Nf6 29. Bxe5 dxe5 30. Rxe5 Bxf4 31. gxf4 Qxh3 32. d6 Rd8 33. Qd3 Qh2 34. Re2
Qxf4 35. Qc4 Qf5+ 36. Ka1 Rxd6 37. Rde1 g6 38. Qb4 Rc6 39. Qxa3 Kg7 40. Qb2 b5
41. Rf2 Qg5 42. Ref1 Ne4 43. Rxf7+ Kg8 44. Rf8+ Kh7 45. R1f7# 1-0

[Event "Titled Tue 27th May Late"]
[Site "chess.com INT"]
[Date "2025.05.27"]
[Round "10"]
[White "Buchenau, Frank"]
[Black "Maglioni, Leonardo"]
[Result "0-1"]
[WhiteTitle "FM"]
[WhiteElo "2190"]
[BlackElo "2069"]
[WhiteFideId "4604350"]
[BlackFideId "2896830"]
[EventDate "2025.05.27"]

1. e4 e5 2. Bc4 Nf6 3. d3 c6 4. Nf3 Bd6 5. O-O Bc7 6. Re1 O-O 7. Bb3 Re8 8. d4
d6 9. h3 h6 10. c3 Nbd7 11. Nbd2 Nf8 12. Bc2 Ng6 13. Nf1 a5 14. a4 b6 15. Ng3
Ba6 16. Be3 Qd7 17. Qd2 Qe7 18. Rad1 Rad8 19. Nf5 Qf8 20. Nh2 d5 21. exd5 Nxd5
22. Nxh6+ gxh6 23. Bxh6 Qe7 24. Ng4 Ngf4 25. Nxe5 Qh4 26. Bxf4 Nxf4 27. Nxc6
Rxe1+ 28. Rxe1 Rd6 29. Re8+ Kg7 30. Ne5 Rf6 31. Qe3 Qg5 32. Ng4 Bb7 33. Kh2
Nxg2+ 34. Kg1 Nxe3 35. fxe3 Qh4 0-1

[Event "Titled Tue 27th May Late"]
[Site "chess.com INT"]
[Date "2025.05.27"]
[Round "10"]
[White "Jagirapu, Harshin Reddy"]
[Black "Barrientos, Ernesto"]
[Result "1-0"]
[BlackTitle "CM"]
[WhiteElo "2042"]
[BlackElo "2027"]
[WhiteFideId "39910679"]
[BlackFideId "3701247"]
[EventDate "2025.05.27"]

1. e4 c5 2. Nf3 d6 3. d4 cxd4 4. Nxd4 Nf6 5. Nc3 a6 6. Bg5 e6 7. f4 Be7 8. Qf3
Qc7 9. O-O-O Nbd7 10. g4 h6 11. Bxf6 Bxf6 12. Kb1 Nb6 13. h4 Bd7 14. Rh3 O-O-O
15. Qf2 Qc5 16. e5 dxe5 17. Ne4 Qd5 18. Nxf6 gxf6 19. Rc3+ Bc6 20. Bg2 e4 21.
Qe2 Na4 22. Rxc6+ bxc6 23. Qxa6+ Kc7 24. Qa7+ Kd6 25. Nf5+ exf5 26. Rxd5+ cxd5
27. Qa6+ Ke7 28. Qxa4 fxg4 29. Qa7+ Kf8 30. Qd4 Kg7 31. f5 h5 32. a4 Rhe8 33. a5
Re5 34. b4 Rxf5 35. a6 Re5 36. Bf1 e3 37. Be2 f5 38. Qxe5+ Kg6 39. Qxe3 d4 40.
Qg5+ Kh7 41. Qxd8 1-0

[Event "Titled Tue 27th May Late"]
[Site "chess.com INT"]
[Date "2025.05.27"]
[Round "10"]
[White "Garcia Hernandez, Rebeca"]
[Black "Vazelakis, Dimitrios"]
[Result "0-1"]
[WhiteTitle "WCM"]
[WhiteElo "1903"]
[BlackElo "1857"]
[WhiteFideId "5180872"]
[BlackFideId "4203674"]
[EventDate "2025.05.27"]

1. Nf3 f5 2. g3 Nf6 3. Bg2 d6 4. d4 e6 5. O-O Be7 6. b3 O-O 7. Bb2 a5 8. c4 a4
9. b4 Qe8 10. a3 Qh5 11. Nc3 Ne4 12. Qc2 Nxc3 13. Bxc3 Bf6 14. e4 f4 15. e5 dxe5
16. dxe5 Be7 17. Nd4 Nc6 18. Nxc6 bxc6 19. c5 Ba6 20. Rfd1 f3 21. Bh1 Qh3 22.
Qe4 Be2 23. Re1 Rf5 24. Rxe2 fxe2 25. Qxe2 Rh5 26. Bxc6 Qxh2+ 27. Kf1 Rf8 28.
Ke1 Qg1+ 29. Kd2 Qxf2 30. Qxf2 Rxf2+ 31. Ke3 Rc2 32. Bd4 Rhh2 33. Bxa4 Bg5+ 34.
Kf3 Rcd2 35. Bg1 Rh6 36. Kg4 Be7 37. Bb3 Rd3 38. Bc4 Rc3 0-1

[Event "Titled Tue 27th May Late"]
[Site "chess.com INT"]
[Date "2025.05.27"]
[Round "10"]
[White "Erece, Ece Alkim"]
[Black "Jing, Andrew"]
[Result "1-0"]
[WhiteTitle "WCM"]
[BlackTitle "FM"]
[WhiteElo "1843"]
[BlackElo "2254"]
[WhiteFideId "6346006"]
[BlackFideId "30984076"]
[EventDate "2025.05.27"]

1. e4 e6 2. d4 d5 3. exd5 exd5 4. Bf4 Nf6 5. Nc3 Bb4 6. Qd2 Ne4 7. Qe3 O-O 8.
Ne2 Re8 9. Qd3 Bf5 10. Qf3 Nc6 11. O-O-O Qd7 12. h3 a5 13. g4 Bg6 14. h4 Nxc3
15. Nxc3 Bxc3 16. bxc3 Nb4 17. cxb4 axb4 18. Bd3 Rxa2 19. Bxg6 hxg6 20. h5 Qc6
21. Qd3 g5 22. Bxg5 Rea8 23. h6 R8a3 24. Qf5 Ra1+ 25. Kd2 Qc3+ 26. Ke2 Qc4+ 27.
Ke1 Qc3+ 28. Bd2 Rxd1+ 29. Kxd1 Ra1+ 30. Bc1 Qxd4+ 31. Ke2 Qc4+ 32. Kf3 g6 33.
Qf6 Qe4+ 34. Kg3 Kf8 35. Qg7+ Ke7 36. Bg5+ Kd7 37. Qxf7+ Kc6 38. Qf6+ Kb5 39.
Rxa1 c5 40. Re1 Qxe1 41. Be3 Qg1+ 42. Kf4 Qh1 43. Qxg6 1-0

[Event "Titled Tue 27th May Late"]
[Site "chess.com INT"]
[Date "2025.05.27"]
[Round "10"]
[White "Albertini, Luca"]
[Black "Bian, Alex"]
[Result "0-1"]
[BlackTitle "FM"]
[WhiteElo "2139"]
[BlackElo "2342"]
[WhiteFideId "847038"]
[BlackFideId "2056372"]
[EventDate "2025.05.27"]

1. d4 Nf6 2. c4 e6 3. Nc3 c5 4. d5 exd5 5. cxd5 d6 6. e4 g6 7. f4 Bg7 8. Bb5+
Nfd7 9. Nf3 O-O 10. a4 Na6 11. O-O Nb4 12. Bc4 Nb6 13. Bd3 Bg4 14. a5 Nd7 15. h3
Bxf3 16. Qxf3 Nxd3 17. Qxd3 f5 18. Re1 Qf6 19. Bd2 a6 20. Qc4 Rae8 21. Qb3 Qd4+
22. Be3 Qb4 23. Qc2 Bxc3 24. bxc3 Qxe4 25. Qb3 Nf6 26. Bxc5 Qxf4 27. Bd4 Ne4 28.
Qxb7 Qg3 29. Qxa6 f4 30. Rf1 f3 31. Ra2 Ng5 32. Kh1 fxg2+ 33. Rxg2 Qxh3+ 34. Kg1
Nf3+ 35. Rxf3 Qxf3 36. Bf2 Qd1+ 37. Kh2 Qh5+ 38. Kg1 Qxd5 39. c4 Qd1+ 40. Kh2
Re5 41. Bh4 Rh5 42. Kh3 Qf3+ 43. Rg3 Qf1+ 44. Kg4 Qf5# 0-1

[Event "Titled Tue 27th May Late"]
[Site "chess.com INT"]
[Date "2025.05.27"]
[Round "10"]
[White "Brooks, Paul"]
[Black "Chocenka, Dmitrijus"]
[Result "0-1"]
[WhiteTitle "CM"]
[BlackTitle "FM"]
[WhiteElo "1908"]
[BlackElo "2304"]
[WhiteFideId "7400616"]
[BlackFideId "12802336"]
[EventDate "2025.05.27"]

1. d4 Nf6 2. Bf4 g6 3. Nc3 Bg7 4. e4 O-O 5. Qd2 d5 6. e5 Ne4 7. Nxe4 dxe4 8.
O-O-O c5 9. dxc5 Qxd2+ 10. Rxd2 Nc6 11. f3 Bf5 12. fxe4 Bxe4 13. Nf3 Bxf3 14.
gxf3 Nxe5 15. Be2 Rac8 16. Rd5 Nc6 17. c3 e5 18. Bg5 h6 19. Bh4 Rfe8 20. Rd7 b6
21. Ba6 Rb8 22. Bc4 Rf8 23. Rc7 Na5 24. Bd5 g5 25. Bf2 b5 26. Rxa7 Nc4 27. c6
Rbd8 28. Rd1 Bf6 29. Kc2 Kg7 30. Bc5 Kg6 31. b3 Nd6 32. Bxd6 Rxd6 33. Be4+ Kh5
34. Rxd6 Bg7 35. Rdd7 f5 36. Rxg7 fxe4 37. fxe4 Rf2+ 38. Kd3 Rf6 39. c4 Rxc6 40.
cxb5 Rd6+ 41. Kc4 Kg4 0-1

[Event "Titled Tue 27th May Late"]
[Site "chess.com INT"]
[Date "2025.05.27"]
[Round "10"]
[White "Sieciechowicz, Marcin"]
[Black "Ferreira, Vitor Hugo Vieira"]
[Result "1-0"]
[WhiteTitle "IM"]
[WhiteElo "2410"]
[BlackElo "2128"]
[WhiteFideId "1130170"]
[BlackFideId "2119765"]
[EventDate "2025.05.27"]

1. d4 Nf6 2. c4 g6 3. Nc3 Bg7 4. e4 O-O 5. Be2 d6 6. h4 h5 7. Nf3 e5 8. O-O Nc6
9. d5 Ne7 10. b4 Ng4 11. c5 f5 12. Bg5 Bf6 13. Rc1 a6 14. a4 Kg7 15. a5 fxe4 16.
Nxe4 Nf5 17. cxd6 Nxd6 18. Nxf6 Nxf6 19. Nxe5 Qe7 20. Nf3 Nde4 21. Nd4 Nxg5 22.
hxg5 Nxd5 23. Bf3 c6 24. Bxd5 cxd5 25. Qd2 Bg4 26. f3 Bf5 27. Qc3 Kh7 28. Qc7
Rf7 29. Qxe7 Rxe7 30. Rfe1 Rae8 31. Rxe7+ Rxe7 32. Kf2 Bd3 33. Rc8 Bc4 34. g3
Kg7 35. f4 Kf7 36. Nf3 Re2+ 37. Kg1 Re3 38. Ne5+ Ke6 39. Kf2 Re2+ 40. Kf3 Rc2
41. Ke3 Kf5 42. Rc7 Re2+ 43. Kd4 h4 44. Rf7+ Ke6 45. gxh4 Re4+ 46. Kc5 Ba2 47.
Rf6+ Ke7 48. Nxg6+ Kd7 49. h5 Kc7 50. Ne5 d4 51. h6 Re1 52. h7 Rh1 53. Rh6 Rc1+
54. Kxd4 Rd1+ 55. Ke3 Re1+ 56. Kf2 Rc1 57. h8=Q Bd5 58. Qg7+ Kb8 59. Nd7+ Ka7
60. Qd4+ Ka8 61. Rh8+ Rc8 62. Rxc8# 1-0

[Event "Titled Tue 27th May Late"]
[Site "chess.com INT"]
[Date "2025.05.27"]
[Round "10"]
[White "Noroozi, Omid"]
[Black "Swara Lakshmi S Nair"]
[Result "1/2-1/2"]
[WhiteTitle "IM"]
[BlackTitle "WCM"]
[WhiteElo "2266"]
[BlackElo "2178"]
[WhiteFideId "12501190"]
[BlackFideId "25629239"]
[EventDate "2025.05.27"]

1. c4 g6 2. Nc3 Nf6 3. d4 d5 4. cxd5 Nxd5 5. e4 Nxc3 6. bxc3 Bg7 7. Nf3 c5 8.
Be2 Nc6 9. d5 Ne5 10. Nxe5 Bxe5 11. Bd2 O-O 12. O-O e6 13. c4 exd5 14. cxd5 Bxa1
15. Qxa1 Re8 16. f3 Qd6 17. Bc3 Bd7 18. Rd1 b5 19. Bh8 Qf8 20. Bf6 c4 21. d6 Re6
22. e5 Rae8 23. Rd2 Qh6 24. Qd4 a5 25. f4 Rxf6 26. exf6 Qh4 27. g3 Qh3 28. Bf1
Re1 29. Qf2 Qe6 30. f5 gxf5 31. Rd5 Rxf1+ 32. Kxf1 Qxd5 33. Qb6 Qe6 34. Qd8+ Be8
35. Kf2 Kf8 36. Qc7 Qxf6 37. d7 Qd4+ 38. Kg2 Bxd7 39. Qd8+ Kg7 40. Qg5+ Kf8 41.
Qd8+ Kg7 42. Qg5+ Kf8 43. Qd8+ 1/2-1/2

[Event "Titled Tue 27th May Late"]
[Site "chess.com INT"]
[Date "2025.05.27"]
[Round "10"]
[White "Toncheva, Nadya"]
[Black "Romero Ruscalleda, Josep"]
[Result "1-0"]
[WhiteTitle "FM"]
[BlackTitle "FM"]
[WhiteElo "2332"]
[BlackElo "2110"]
[WhiteFideId "2924056"]
[BlackFideId "2231859"]
[EventDate "2025.05.27"]

1. e4 g6 2. d4 Bg7 3. c4 d6 4. Nc3 Nc6 5. Be3 e5 6. d5 Nce7 7. Bd3 f5 8. exf5
gxf5 9. Qh5+ Kf8 10. f4 Nf6 11. Qh4 Ng6 12. Qg5 e4 13. Bc2 Kf7 14. Nh3 h6 15.
Qg3 Ng4 16. O-O-O Qh4 17. Bd4 Bxd4 18. Rxd4 Bd7 19. Bd1 Nf6 20. Qxh4 Nxh4 21. g3
Ng6 22. Be2 a6 23. Nd1 b6 24. Ne3 Rag8 25. b4 Ne7 26. Kb2 Ra8 27. Rc1 a5 28. a3
axb4 29. axb4 Ra4 30. Bd1 Ra7 31. Bb3 Rha8 32. c5 bxc5 33. bxc5 Ba4 34. Bxa4
Rxa4 35. Rxa4 Rxa4 36. cxd6 cxd6 37. Rc7 Ke8 38. Kb3 Rd4 39. Rxe7+ Kf8 40. Re6
Rd3+ 41. Kc4 Kf7 42. Nxf5 Rxd5 43. Rxf6+ Kxf6 44. Kxd5 Kxf5 45. Kd4 d5 46. Nf2
h5 47. h3 Ke6 48. g4 hxg4 49. hxg4 Kd6 50. Nxe4+ dxe4 51. Kxe4 1-0

[Event "Titled Tue 27th May Late"]
[Site "chess.com INT"]
[Date "2025.05.27"]
[Round "10"]
[White "Caprio, Guido"]
[Black "Thorhallsson, Simon"]
[Result "1-0"]
[WhiteTitle "IM"]
[BlackTitle "FM"]
[WhiteElo "2435"]
[BlackElo "2218"]
[WhiteFideId "834580"]
[BlackFideId "2310090"]
[EventDate "2025.05.27"]

1. d4 g6 2. e4 Bg7 3. c4 d6 4. Nc3 Nc6 5. Nge2 e5 6. d5 Nce7 7. f3 f5 8. Be3 Bh6
9. Bxh6 Nxh6 10. Qd2 Nf7 11. O-O-O c5 12. Kb1 a6 13. exf5 Bxf5+ 14. Ka1 b5 15.
cxb5 axb5 16. Nxb5 O-O 17. Nec3 Ra5 18. Bc4 Qb6 19. a4 Rfa8 20. b3 Bd7 21. Kb2
Nf5 22. h4 Nd4 23. Ra1 h6 24. Qd3 Kg7 25. g4 e4 26. Nxe4 Ne5 27. Qc3 Nxc4+ 28.
bxc4 Rxa4 29. Rxa4 Rxa4 30. Nxd6 Kh7 31. Re1 Bxb5 32. Nxb5 Rb4+ 33. Kc1 Qf6 34.
Nxd4 Qf4+ 35. Kc2 Qxd4 36. Qxd4 cxd4 37. Kd3 Rb3+ 38. Kxd4 Rxf3 39. d6 Rf4+ 40.
Re4 Rf8 41. c5 g5 42. h5 Kh8 43. c6 Rd8 44. d7 Ra8 45. c7 Ra4+ 46. Kd5 Ra5+ 47.
Kd6 Ra6+ 48. Ke7 Rf6 49. Kxf6 Kh7 50. Re7+ 1-0